000 01718cam a2200325 i 4500
003 SA-RiAUC
005 20240909125119.0
008 240908s2001 le g b 000r0bara c
040 _aSA-MaMIU
_bara
_cSA-RiAUC
_erda
082 0 4 _a239.6
090 _a239.6
_bس خ ا
100 1 _aالسخاوي، محمد بن عبد الرحمن بن محمد،
_d831-902 هجري
_eمؤلف.
245 1 2 _aالانتهاض في ختم "الشفا" لعياض /
_cشمس الدين محمد بن عبد الرحمن السخاوي ؛ دراسة وتحقيق عبد اللطيف بن محمد الجيلاني.
250 _aالطبعة الأولى.
264 1 _aبيروت :
_bدار البشائر الإسلامية للطباعة والنشر والتوزيع،
_c2001
300 _a55 صفحة ؛
_c24 × 17 سم
336 _aنص
_btxt
_2rdacontent
_3كتاب
337 _aبدون وسيط
_bn
_2rdamedia
338 _aمجلد
_bnc
_2rdacarrier
490 _aلقاء العشر الاواخر بالمسجد الحرام
_v32
504 _aببليوجرافية : صفحة 50.
600 0 7 _aمحمد (صلى الله عليه وسلم)،
_d53 قبل الهجرة-11 هجري
_xأخلاق
_2aucnm
650 7 _aأخلاق الرسول
_2aucsh
650 7 _aالسيرة النبوية
700 1 _aالجيلاني، عبد اللطيف بن محمد
_eمحقق.
700 1 2 _aالقاضي عياض، عياض بن موسى بن عياض،
_d476-544 هجري.
_tالشفا بتعريف حقوق المصطفى صلى الله عليه وسلم
740 2 2 _aالشفا بتعريف حقوق المصطفى صلى الله عليه وسلم.
942 _2ddc
_cBOOK
949 _aSA-JeALM
_d240908
_umohamedma123
_n1
999 _c115
_d115